Технологии производства изделий ракетно-космической техники из полимерных композиционных материалов (Запись № 13658654)

Подробности
000 -МАРКЕР
контрольное поле 03257nam0a2200373 4500
001 - ИДЕНТИФИКАТОР ЗАПИСИ
контрольное поле RU\NLR\BIBL_A\022104579
005 - ИДЕНТИФИКАТОР ВЕРСИИ
контрольное поле 20260419235913.0
010 ## - МЕЖДУНАРОДНЫЙ СТАНДАРТНЫЙ НОМЕР КНИГИ (ISBN)
Номер (ISBN) 978-5-7038-6074-8
Тираж 234
021 ## - НОМЕР ГОСУДАРСТВЕННОЙ РЕГИСТРАЦИИ
Код страны Российская Федерация
Номер КН-П-23-073449
Номер Листа государственной регистраци КН-П-23-7422
035 ## - ДРУГИЕ СИСТЕМНЫЕ НОМЕРА
Идентификатор записи (NLR Aleph) 022104579
035 ## - ДРУГИЕ СИСТЕМНЫЕ НОМЕРА
Идентификатор записи (RuMoRGB)012374942
100 ## - ДАННЫЕ ОБЩЕЙ ОБРАБОТКИ
Данные общей обработки 20240109d2023 u y0rusy50 ca
101 0# - ЯЗЫК РЕСУРСА
Язык текста, звукозаписи и т.д. русский
102 ## - СТРАНА ПУБЛИКАЦИИ ИЛИ ПРОИЗВОДСТВА
Страна публикации Российская Федерация
105 ## - ПОЛЕ КОДИРОВАННЫХ ДАННЫХ: ТЕКСТОВЫЕ МАТЕРИАЛЫ, МОНОГРАФИЧЕСКИЕ
Кодированные данные о монографическом текстовом документе а|||j|||000yy
181 #0 - ПОЛЕ КОДИРОВАННЫХ ДАННЫХ: ВИД СОДЕРЖАНИЯ
Код вида содержания (ISBD) i3
Код характеристики содержания (ISBD) axxe
182 #0 - ПОЛЕ КОДИРОВАННЫХ ДАННЫХ: ТИП СРЕДСТВА
Код типа средства (ISBD) n - непосредственное
200 1# - ЗАГЛАВИЕ И СВЕДЕНИЯ ОБ ОТВЕТСТВЕННОСТИ
Основное заглавие Технологии производства изделий ракетно-космической техники из полимерных композиционных материалов
Сведения, относящиеся к заглавию учебное пособие
-- для студентов и аспирантов технических вузов по направлениям подготовки 24.05.01 "Проектирование, производство и эксплуатация ракет и ракетно-космических комплексов", для магистров по направлениям подготовки 22.04.01 "Материаловедение и технологии материалов" и 24.04.01 "Ракетные комплексы и космонавтика"
Первые сведения об ответственности Ю. В. Баданина, Г. В. Малышева
Последующие сведения об ответственности Федеральное государственное бюджетное образовательное учреждение высшего образования "Московский государственный технический университет имени Н. Э. Баумана (национальный исследовательский университет)", Факультет "Специальное машиностроение", Кафедра "Технологии ракетно-космического машиностроения"
203 ## - ВИД СОДЕРЖАНИЯ И ТИП СРЕДСТВА
Вид содержания Текст
Дополнительные сведения об издании визуальный
Тип средства непосредственный
210 ## - ПУБЛИКАЦИЯ, РАСПРОСТРАНЕНИЕ И ДР.
Место издания, распространения и т.д. Москва
Имя издателя, распространителя и т. д. Изд-во МГТУ им. Н. Э. Баумана
Дата издания, распространения и т.д. 2023
215 ## - ФИЗИЧЕСКАЯ ХАРАКТЕРИСТИКА
Специфическое обозначение материала и объем 146 с.
Другие сведения о физической характеристике ил., табл.
Размеры 24
320 ## - ПРИМЕЧАНИЯ О НАЛИЧИИ В ДОКУМЕНТЕ БИБЛИОГРАФИИ / УКАЗАТЕЛЯ
Текст примечания Библиогр.: с. 132-133
606 1# - НАИМЕНОВАНИЕ ТЕМЫ КАК ПРЕДМЕТ
Наименование темы Композиционные материалы полимерные
Формальный подзаголовок Учебные издания для высших учебных заведений
Тематический подзаголовок Применение в космический технике
Системный номер авторитетной/нормативной записи 2348433
Идентификатор авторитетной/нормативной записи RU\NLR\AUTH\6601626323
606 1# - НАИМЕНОВАНИЕ ТЕМЫ КАК ПРЕДМЕТ
Наименование темы Ракетная техника
Формальный подзаголовок Учебные издания для высших учебных заведений
Тематический подзаголовок Производство
-- Технологические процессы
Системный номер авторитетной/нормативной записи 2532918
Идентификатор авторитетной/нормативной записи RU\NLR\AUTH\6601713894
606 1# - НАИМЕНОВАНИЕ ТЕМЫ КАК ПРЕДМЕТ
Наименование темы Космическая техника
Формальный подзаголовок Учебные издания для высших учебных заведений
Тематический подзаголовок Производство
-- Технологические процессы
Системный номер авторитетной/нормативной записи 2532921
Идентификатор авторитетной/нормативной записи RU\NLR\AUTH\6601713895
675 ## - УНИВЕРСАЛЬНАЯ ДЕСЯТИЧНАЯ КЛАССИФИКАЦИЯ (UDC/УДК)
Индекс 629.78:678(075.8)
Издание 4
686 1# - ИНДЕКСЫ ДРУГИХ КЛАССИФИКАЦИЙ
Индекс О62-060.24я73-1
700 #1 - ИМЯ ЛИЦА - ПЕРВИЧНАЯ ОТВЕТСТВЕННОСТЬ
Начальный элемент ввода Баданина
Часть имени, кроме начального элемента ввода Ю. В.
Расширение инициалов личного имени Юлия Владимировна
701 #1 - ИМЯ ЛИЦА - АЛЬТЕРНАТИВНАЯ ОТВЕТСТВЕННОСТЬ
Начальный элемент ввода Малышева
Часть имени, кроме начального элемента ввода Г. В.
Расширение инициалов личного имени Галина Владленовна
942 ## - ДОПОЛНИТЕЛЬНЫЕ ЭЛЕМЕНТЫ ЗАПИСИ (АБИС)
Тип экземпляра АБИС Книга
980 ## - КОЛЛЕКЦИЯ
Название коллекции Национальная библиография

Нет доступных экземпляров.